Victoria, Australia Aboriginal Tribes Phonetic Names (Map) - Statistics

General Stats
  • This quiz has been taken 12 times
  • The average score is 2 of 33
Answers on the Map
Answers color-coded by a green-red scale on the quiz's map according to % correct below.
 
Answer Stats
Aboriginal tribe % Correct
Yorta Yorta
80%
Bun wurrung
10%
Bun wurrung
10%
Bun wurrung
10%
Bun wurrung
10%
Bun wurrung
10%
Dadi Dadi
10%
Gurnai (Kurnai)
10%
Wembawemba
10%
Baraba Baraba
0%
Bidwell
0%
Bindjali
0%
Buandig
0%
Daung wurrung
0%
Dhauwurd wurrung (Gundjitmara)
0%
Djab wurrung
0%
Dja Dja wurrung (Jaara)
0%
Djargurd wurrung
0%
Girai wurrung
0%
Gudabanud
0%
Gulidjan
0%
Jaitmatang
0%
Jardwadjali
0%
Jarijari
0%
Ladjiladji
0%
Ngargad
0%
Ngarigo
0%
Nguraiilam wurrung
0%
Wadiwadi
0%
Watha wurrung
0%
Waveroo
0%
Wergaia
0%
Woi wurrung (Wurundjeri)
0%
No matching quizzes found
Score Distribution
Percent of People with Each Score
Percentile by Number Answered
Your Score History
You have not taken this quiz